El filibusterismo / (Record no. 578)

MARC details
000 -LEADER
fixed length control field 00878nam a22002417a 4500
005 - DATE AND TIME OF LATEST TRANSACTION
control field 20230118020238.0
008 - FIXED-LENGTH DATA ELEMENTS--GENERAL INFORMATION
fixed length control field 230118b |||||||| |||| 00| 0 eng d
020 ## - INTERNATIONAL STANDARD BOOK NUMBER
International Standard Book Number 971-06-1773-7
082 ## - DEWEY DECIMAL CLASSIFICATION NUMBER
Classification number Fil. 899.21103009 R627b 1994
100 ## - MAIN ENTRY--PERSONAL NAME
Personal name Rizal, Jose P.
Relator term author
245 ## - TITLE STATEMENT
Title El filibusterismo /
Statement of responsibility, etc. Jose P. Rizal; [translated by] Lolita T. Bardril, Loreto Z. Francia
260 ## - PUBLICATION, DISTRIBUTION, ETC.
Place of publication, distribution, etc. Quezon City:
Name of publisher, distributor, etc. Phoenix Publishing House,
Date of publication, distribution, etc. c1994.
300 ## - PHYSICAL DESCRIPTION
Extent v, 266p.;
Other physical details ill.
505 ## - FORMATTED CONTENTS NOTE
Formatted contents note Originally published: Phoenix Publishing House, 1988
541 ## - IMMEDIATE SOURCE OF ACQUISITION NOTE
Accession number 2934
600 ## - SUBJECT ADDED ENTRY--PERSONAL NAME
Personal name Rizal, Jose A. - - 1861 - 1896 - - El filibusterismo - History and criticism
650 ## - SUBJECT ADDED ENTRY--TOPICAL TERM
Topical term or geographic name entry element Philippine fiction
650 ## - SUBJECT ADDED ENTRY--TOPICAL TERM
Topical term or geographic name entry element Historical fiction
650 ## - SUBJECT ADDED ENTRY--TOPICAL TERM
Topical term or geographic name entry element Revolutions - Fiction
650 ## - SUBJECT ADDED ENTRY--TOPICAL TERM
Topical term or geographic name entry element Tragedy - Fiction
700 ## - ADDED ENTRY--PERSONAL NAME
Personal name Bardril, Lolita T.
Relator term translator
700 ## - ADDED ENTRY--PERSONAL NAME
Personal name Francia, Loreto Z.
Relator term translator
Holdings
Withdrawn status Lost status Source of classification or shelving scheme Damaged status Not for loan Home library Current library Date acquired Total Checkouts Full call number Barcode Date last seen Copy number Price effective from Koha item type
    Dewey Decimal Classification     ctu-moalboal ctu-moalboal 01/07/2013   Fil. 899.21103009 R627b 1994 2934 01/18/2023 1 01/18/2023 Books-Filipiniana